Kondimana na sika (Record no. 64604)
[ view plain ]
| 000 -LEADER | |
|---|---|
| fixed length control field | 00263nam a2200109 4500 |
| 082 0# - DEWEY DECIMAL CLASSIFICATION NUMBER | |
| Classification number | 225.5 |
| 242 00 - TRANSLATION OF TITLE BY CATALOGING AGENCY | |
| Title | New testament in Bangala |
| 245 10 - TITLE STATEMENT | |
| Title | Kondimana na sika |
| 260 ## - PUBLICATION, DISTRIBUTION, ETC. (IMPRINT) | |
| Place of publication, distribution, etc | Kinshasa |
| Name of publisher, distributor, etc | Alliance Biblique Universelle |
| Date of publication, distribution, etc | c.1977 |
| 300 ## - PHYSICAL DESCRIPTION | |
| Extent | 656 p. |
| 942 ## - ADDED ENTRY ELEMENTS (KOHA) | |
| Source of classification or shelving scheme | |
| Koha item type | Books |
No items available.
